000
00312nam a2200133Ia 4500
005
20260328104333.0
008
260328s9999||||xx |||||||||||||| ||und||
100
_a
Imbrey, Jai
245
0
_a
Mosques ; Splendors of Islam /
_c
Jai Imbrey
260
_b
Rizzoli
300
_a
304 p.
650
_a
Islam
942
_c
BK
999
_c
11771
_d
11771